Analýza konkurencie firmy a jej vplyv na úspešnosť podniku diplomová práca

Saved in:
Bibliographic Details
Main Author: Lantaiová, Andrea
Corporate Author: Fakulta podnikového manažmentu EU. Katedra podnikovohospodárska
Other Authors: Kintler, Jakub, 1979-
Format: Book
Language:Slovak
Published: Bratislava 2009
Tags: Add Tag
No Tags, Be the first to tag this record!

MARC

LEADER 00000nam$a2200000$$$4500
001 0101465
005 20240319125954.1
041 0 |a slo 
044 |a SK 
245 1 0 |a Analýza konkurencie firmy a jej vplyv na úspešnosť podniku  |b diplomová práca  |c Andrea Lantaiová ; škol. Jakub Kintler 
264 1 |a Bratislava  |c 2009 
300 |a 69 s. 
100 1 |a Lantaiová, Andrea 
700 1 |a Kintler, Jakub, 1979- 
710 2 |a Fakulta podnikového manažmentu EU. Katedra podnikovohospodárska